Communicative competence (Бичлэгийн дугаар. 146149)
| 000 -УДИРДЛАГА | |
|---|---|
| Удирдлага | 01033nam a22003257a 4500 |
| 003 - ХЯНАЛТЫН ТОО ТОДОРХОЙЛОГЧ | |
| Код | MN-UlNUM |
| 005 - БИЧИЛТ ХИЙСЭН ОГНОО | |
| Тухайн бичилтийг бичсэн засварласан сүүлийн огноо | 20260109185123.0 |
| 008 - ЕРӨНХИЙ МЭДЭЭЛЭЛ | |
| Ерөнхий мэдээлэл | 140110s1997 nyua b 001 0 eng |
| 020 ## - ISBN | |
| ISBN | 0070837368 |
| -- | 9780070837362 |
| 040 ## - БИЧЛЭГ ҮҮСГЭГЧ БАЙГУУЛЛАГА | |
| Бичлэг үүсгэгч номын сангийн код | МУИС-ийн номын сан |
| 084 ## - ББК АНГИЛАЛ | |
| Нэмэлт тусгалт | Гарын авлага |
| Зохиогчийн гурван тэмдэгт | S 26 |
| ББК ангилал | 81.1 |
| Мэдлэгийн ялгаа | 81 - Хэл шинжлэл |
| 100 1# - ЗОХИОГЧ | |
| Зохиогчийн нэр | Savignon, Sandra J. |
| 245 1# - ҮНДСЭН ГАРЧИГ | |
| Номын нэр | Communicative competence |
| Бага гарчгийн мэдээ | Theory and classroom practice : texts and contexts in second language learning |
| Оролцогчдын тухай мэдээ | Sandra J. Savignon |
| 250 ## - ДАХИН ХЭВЛЭЛТ | |
| Дахин гаралтын дугаар | 2nd ed. |
| 260 ## - ГАРАЛТЫН МЭДЭЭ | |
| Хэвлэгдсэн газар | New York |
| Хэвлэлийн газар | McGraw-Hill |
| Хэвлэгдсэн он | 1997 |
| 300 ## - МАТЕРИАЛЫН ТОДОРХОЙЛОЛТ | |
| хуудасны тоо | xiii, 288 p. |
| Бусад тоон мэдээлэл | ill. |
| Хэмжээ | 24 cm |
| 500 ## - Тайлбар | |
| Дансны дугаар | БС 6108 |
| 546 ## - ХЭЛНИЙ ТУХАЙ МЭДЭЭ | |
| Хэл | Англи хэл дээр, |
| 653 ## - Түлхүүр үг | |
| Түлхүүр үг | language |
| 653 ## - Түлхүүр үг | |
| Түлхүүр үг | communicative |
| 740 ## - НОМЫН ГАРЧИГ | |
| Гарчиг | Definitions of Communicative Competence |
| 740 ## - НОМЫН ГАРЧИГ | |
| Гарчиг | L2 Acquisition Research |
| 740 ## - НОМЫН ГАРЧИГ | |
| Гарчиг | Learner Attitudes and Interests |
| 740 ## - НОМЫН ГАРЧИГ | |
| Гарчиг | Selection of Materials |
| 740 ## - НОМЫН ГАРЧИГ | |
| Гарчиг | Shaping the Curriculum |
| 740 ## - НОМЫН ГАРЧИГ | |
| Гарчиг | Testing |
| 942 ## - ЭЛЕМЕНТИЙН ТӨРӨЛ | |
| Зүйлийн төрөл | Ном |
